Loreto College Library, Kolkata
WEBOPAC (ONLINE PUBLIC ACCESS CATALOGUE)

The Art of William Carlos Williams (Record no. 11689)

MARC details
000 -LEADER
fixed length control field 00605nam a2200193Ia 4500
005 - DATE AND TIME OF LATEST TRANSACTION
control field 20221215151207.0
008 - FIXED-LENGTH DATA ELEMENTS--GENERAL INFORMATION
fixed length control field 131103s9999 xx 000 0 und d
040 ## - CATALOGING SOURCE
Original cataloging agency Loreto College
041 ## - LANGUAGE CODE
Language code English
082 ## - DDC | ডিউই
Classification number | বর্গসংখ্যা 811.52
Book Number | গ্রন্থাঙ্ক WIL-GUI
100 ## - MAIN ENTRY--PERSONAL NAME | মুখ্য সংলেখ - ব্যাক্তিনাম
Personal name | ব্যাক্তিনাম Guimond,James
245 #4 - TITLE STATEMENT | অাখ্যা বিবরণী
Title | অাখ্যা The Art of William Carlos Williams
Sub title | উপঅাখ্যা a discovery and posssession of America
Statement of responsibility | লেখকের দায়িত্বের বিবরণ James Guimond
260 ## - IMPRINT | প্রকাশনা ক্ষেত্র
Place of publication | প্রকাশ স্থান Urbana
Name of publisher | প্রকাশকের নাম University Of Illinois Press
Date of publication | প্রকাশ কাল 1968
300 ## - PHYSICAL DESCRIPTION |
Page / Vol. No | পৃষ্ঠা / খন্ড সংখ্যা viii,257 p.
504 ## - BIBLIOGRAPHY, ETC. NOTE
Bibliography, etc Includes bibliographical references and index
650 ## - SUBJECT ADDED ENTRY--TOPICAL TERM | বিষয় শিরোনাম - মূল বিষয়
Topical term | মূল বিষয় Williams,William Carlos,1883 - 1963
850 ## - HOLDING INSTITUTION
Holding institution LCLIB
942 ## - ADDED ENTRY ELEMENTS (KOHA)
Koha item type Books
Holdings
Withdrawn status Lost status Source of classification Damaged status Not for loan Home library Current library Date acquired Total Checkouts Full call number Accession No. Date last seen Price effective from Koha item type Coded location qualifier
    Dewey Decimal Classification     Loreto College Loreto College 04/11/2013   811.52 WIL-GUI 23158 B11595 04/11/2013 04/11/2013 Books